• 首页
  • 本馆介绍
  • 公告通知
  • 最新文献
  • 馆藏检索
  • 电子资源
  • 读者导购
  • 参考咨询
  • 我的图书馆
  • 登录
  • 详细信息显示
  • 放入我的书架
  • 预约/预借图书
  • 作者相关作品
  • 分类相关作品
  • 丛书相关作品
  • 出版社相关作品

书目信息

  • 表格格式
  • 工作单格式
  • 卡片格式
题名:
挣扎
    
 
作者: 文钊 著
分册:  
出版信息: 南宁   漓江出版社  1982
页数: 185页
开本: 18cm
丛书名:
单 册:
中图分类: I711.45
科图分类:
主题词: 中篇小说--加拿大--现代
电子资源:
ISBN:
000 00586nam0 2200229 45
001 0182003039
005 20060912084914.93
010    @dCNY0.60
091    @aCN@b10256.41
100    @a19950621d1982 em y0chiy0121 ea
101 0  @achi
102    @aCN@b450000
105    @af z 000ay
200 10 @a挣扎@Azheng zha@f(加拿大)文钊著
210    @a南宁@c漓江出版社@d1982
215    @a185页@c图@d18cm
606    @a中篇小说@y加拿大@z现代
690    @aI711.45@v3
701  0 @a文钊@Awen zhao@4著
801  0 @aCN@bTSSF@c20060912
801  2 @aCN@bNLC@c20060819
905    @a10447@dI711.45@e16
    
    挣扎/(加拿大)文钊著.-南宁:漓江出版社,1982
    185页:图;18cm
    
    
    ISBN :CNY0.60
    
●
相关链接 在E读中查询图书 在五车中查询图书 在当当中查询图书 在豆瓣中查询图书


正题名:挣扎     索取号:I711.45/16         预约/预借

序号 登录号 条形码 馆藏地/架位号 状态 备注
1 0469749   204697499   密集书库/ [索取号:I711.45/16] 在馆    
2 0474690   204746908   密集书库/ [索取号:I711.45/16] 在馆    
唐山师范学院图书馆 欢迎您!
大连网信软件有限公司© 版权所有